De Stefan Zweig a Jacques Maritain. Muerte y resurrección del espiritu

Salvato in:
Dettagli Bibliografici
Autore principale: Moreno, Artemio (autor)
Natura: Libro
Lingua:spagnolo
Pubblicazione: Buenos Aires Claridad 1943
Serie:Biblioteca de Escritores Argentinos. Obras de Autores Clásicos y Contemporáneos
Soggetti:
Tags: Aggiungi Tag
Nessun Tag, puoi essere il primo ad aggiungerne!!

MARC

LEADER 00000nam a2200000 a 4500
001 UCI2218
003 CL-VaPUC
005 20250120085809.0
008 070810e19430000AG |||||||||||||||||spa|d
999 |c 326855  |d 326853 
040 |c Pontificia Universidad Católica de Valparaíso 
082 0 4 |a Ar864  |b MOR  |2 21 
100 |a Moreno, Artemio  |e autor  |9 523156 
245 1 0 |a De Stefan Zweig a Jacques Maritain. Muerte y resurrección del espiritu 
260 |a Buenos Aires  |b Claridad  |c 1943 
300 |a 229 p 
490 0 |a Biblioteca de Escritores Argentinos. Obras de Autores Clásicos y Contemporáneos 
583 |a last modification  |c 20070810 00:00:00  |k Rodrigo Vera 
600 0 |a Zweig, Stefan  |e autor  |9 523157 
600 0 7 |a Maritain, Jacques,  |d 1882-1973  |9 862881 
650 0 |a Ensayos argentinos  |9 269128 
942 |c BK  |2 ddc 
945 |d 20070810 00:00:00  |a rbrito 
952 |0 0  |1 0  |4 0  |6 AR_864_000000000000000_MOR_1943  |7 0  |8 P  |9 409031  |a BIBTEO  |b BIBTES  |c TEO_FTES  |d 2019-11-22  |i 2086646  |o Ar864 MOR 1943  |p 2086646  |r 2024-01-18  |w 2019-11-22  |y BK  |k ICR